| 000 | 00969nam a2200325Ia 4500 | ||
|---|---|---|---|
| 001 | 7056 | ||
| 003 | DO-SdBNP | ||
| 005 | 20221117091927.0 | ||
| 008 | 140604s 1978 dr 000 0 und d | ||
| 040 |
_aBPMSU _bspa _cBPMSU |
||
| 082 | 0 | 4 |
_aRD863.44 _bD542a, 1978 |
| 092 | _a | ||
| 100 |
_aDíaz Grullón, Virgilio, _d1924-2001 |
||
| 245 |
_aLos algarrobos también sueñan / _cVirgilio Díaz Grullón |
||
| 250 | _a2 ed. | ||
| 260 |
_aSanto Domingo : _bTaller, _c1978. |
||
| 300 |
_a93 p. : _bil. ; _c20 cm. |
||
| 490 | 0 |
_aBiblioteca Taller _v78 |
|
| 586 | _aPremio Nacional Manuel de Jesús Galván, 1977 | ||
| 590 | _6Inventariado, 2021/VM | ||
| 600 |
_aDíaz Grullón, Virgilio _d1924-2001 _xCrítica e interpretación |
||
| 650 | 4 | _aNovela dominicana | |
| 650 | 4 | _aLliteratura dominicana | |
| 852 | _t | ||
| 856 | _u | ||
| 910 | _aVMateo/ Validado. Control de calidad MFF | ||
| 942 |
_2ddc _cBK |
||
| 945 | _a | ||
| 956 |
_310 _620150728 _8BPMSU _a0069 |
||
| 999 |
_c7056 _d7056 |
||